000 00615nam a2200241Ia 4500
003 OSt
005 20221007101338.0
006 a|||||r|||| 00| 0
007 ta
008 221006b |||||||| |||| 00| 0 eng d
024 _a6,286
037 _cTextual
040 _aLCO
_cLCO
_beng
041 _2eng
_aeng
082 _aZ3,12Z, K8
100 _aSANCTUARY GERALD
_9702880
245 0 _aMarriage under Stress.
260 _aLondon
_bGeorge Allen Ltd.
_c1968
300 _a197
650 _aMARRIAGE
_940925
942 _hZ3,12Z, K8
_cTEXL
999 _c1175849
_d1175849